000 00370nam a22001577a 4500
003 MPLRDC
005 20220104142633.0
008 210129b ||||| |||| 00| 0 eng d
082 _a448.88 CLC
100 _a陈连春编著
245 _a电视技能检定总复习
_c
260 _a
_b罗拔书局
_c
300 _b
650 _a电视
942 _cBK
_o448.88 CLC
999 _c32495
_d32485